Sombras tenebrosas = Dark Shadows /

Guardat en:
Dades bibliogràfiques
Autor principal: Burton, Tim (realización)
Altres autors: Grahame-Smith, Seth (guión) (guión), Delbonnel, Bruno (fotógrafo) (fotógrafo), Lebenzon, Chris (montaje) (montaje), Elfman, Danny (música) (música), Depp, Johnny (actuación) (actuación), Pfeiffer, Michelle (actuación) (actuación), Bonham-Carter, Helena (actuación) (actuación)
Format: Diapositiva
Idioma:anglès
Publicat: Melbourne, Australia : Village Roadshow Pictures, 2012, c2012
Matèries:
Etiquetes: Afegir etiqueta
Sense etiquetes, Sigues el primer a etiquetar aquest registre!

MARC

LEADER 00000ngm^a2200000^a^4500
001 000326594
005 20250521000000.0
009 20260310113811.266
037 |a Acervo ITESO - Biblioteca 
041 |a ING 
082 |a 810.  |b BUR 
100 |a Burton, Tim  |e (realización) 
245 1 0 |a Sombras tenebrosas =  |b Dark Shadows /  |c Realización de T. Burton. 
264 4 |a Melbourne, Australia :  |b Village Roadshow Pictures,  |c 2012, c2012 
264 2 |a México :  |b Warner Brothers [distribución],  |c 2012, c2012 
300 |a 1 DVD regiones 1 y 4  |c (113 min.) 
336 |a imagen móvil bidimensional  |b tdi  |2 rdacontenido 
337 |a video  |b v  |2 rdamedio 
338 |a videodisco  |b vd  |2 rdasoporte 
500 |a Basado en: Dark Shadows, de Dan Curtis 
545 0 |a El director de cine Tim Burton nació en 1959 en Burbank, Estados Unidos, e inició tempranamente su trayectoria fílmica, con la realización de un cortometraje durante su adolescencia. Tras estudiar en el Instituto de las Artes de California, Burton se desempeñó como becario en la productora Disney y comenzó a llamar la atención de los especialistas con sus películas cortas Vincent (1982) y Frankenweenie (1984), que ya perfilan el interés por la creación de universos fantásticos, predominante en su filmografía. Calificado como uno de los cineastas norteamericanos más innovadores de su generación y uno de los pocos autores fílmicos identificados claramente por el gran público, ingresó a la realización de largometrajes con Pee-Wee Big Adventure (1985) y ha alcanzado desde entonces diversos éxitos de crítica y/o taquilla, como sus dos cintas sobre Batman (1989 y 1992), El joven manos de tijera (1990), Ed Wood (1994) y El gran pez (2003). 
546 |a En inglés, con subtítulos opcionales: español, francés, inglés 
546 |a Doblaje opcional: español, francés 
649 |a XX 
650 |a Vampiros en el Cine 
650 |a Comedias Cinematográficas 
650 |a Cine Fantástico 
650 |a Cine Norteamericano -  |y 2010-2019 
650 |a Cine Norteamericano -  |y Siglo XXI 
650 |a Series de Televisión -  |x Adaptaciones para Cine 
700 |a Grahame-Smith, Seth  |e (guión) 
700 |a Delbonnel, Bruno  |e (fotógrafo) 
700 |a Lebenzon, Chris  |e (montaje) 
700 |a Elfman, Danny  |e (música) 
700 |a Depp, Johnny  |e (actuación) 
700 |a Pfeiffer, Michelle  |e (actuación) 
700 |a Bonham-Carter, Helena  |e (actuación) 
910 |a Fondo General 
920 |a Audiovisuales - DVDs 
940 |a Películas 
905 |a 302 
901 |a 0500395828  |b IT2  |c DVS  |i D130299  |u 20250521 
902 |a https://opac.biblio.iteso.mx/vufind/Record/000326594